000 00825cam a22002294a 4500
999 _c328944
_d328944
001 16038717
003 Nust
005 20170419153808.0
008 091231s1973 nyu 000 0aeng
010 _a 2009655119
020 _a9780345350688
040 _aDLC
_cDLC
050 0 0 _aE185.97.L5
_bA3 1973
082 _a320.54092
_bHAL
100 1 _aX, Malcolm,
_d1925-1965.
245 1 4 _aThe autobiography of Malcolm X /
_cwith the assistance of Alex Haley; introduction by M. S. Handler ; epilogue by Alex Haley.
250 _a1st Ballantine Books ed.
260 _aNew York :
_bBallantine Books,
_c1973.
300 _axiv, 465 p. ;
_c18 cm.
500 _a"This edition published by arrangement with Grove Press, Inc."
600 1 0 _aX, Malcolm,
_d1925-1965.
650 0 _aBlack Muslims
_vBiography.
650 0 _aAfrican Americans
_vBiography.
700 1 _aHaley, Alex.
906 _a7
_bcbc
_corignew
_du
_eocip
_f20
_gy-gencatlg
942 _2ddc
_cBK